| 000 | 00432nam a2200157 a 4500 | ||
|---|---|---|---|
| 001 | 000031976 | ||
| 005 | 20200930063327.0 | ||
| 008 | 110707s1985 dr 000 p spa d | ||
| 040 |
_aDO-SdBNP _bspa _cBNPHU |
||
| 082 |
_axxx _bP419g |
||
| 100 | 1 |
_aPenzo, Gregorio Elias _958139 |
|
| 245 | 1 | 0 |
_aGrito por la patria / _cGregorio Elias Penzo. |
| 260 |
_a[Santo Domingo] : _b[s.n.], _c1985. |
||
| 300 |
_a40 p. ; _c16 cm. |
||
| 049 | _aBNPD | ||
| 999 |
_c31467 _d31467 |
||